000 00731cab a2200205 4500
001 X3053
008 090401t1996 xxu||||| |||| 00| 0 eng d
035 _a(Sirsi) u28242
041 _aeng
245 _aBank of Ireland Home Mortgages Ltd v South Lodge Developments and others
260 _c1996
350 _a0
490 _aNew Property Cases
_v1996 NPC 2
520 _aChD 18 January 1996. A mortgagee of a forfeited lease is able to secure relief agsint that forfieture even where the lessor has granted a new lease at a premium. (NO PHOTOCOPYING ALLOWED)
650 _aFORFEITURE
650 _aNON-PAYMENT OF RENT
690 _aLANDLORD AND TENANT-CASE LAW-RESIDENTIAL TENANCIES
942 _n0
948 _c04/03/1997
999 _c19039
_d19039